1312 1458 1132 1004 1543 1239 1691 1439 1173 1329 1621 1675 1920 1189 1998 1781 1995 1585 1183 1250 1819 1301 1805 1847 1515 1672 1389 1953 1377 1831 1562 1684 1851 1683 1860 1760 1423 1187 1803 1205 1210 1453 1224 1909 1547 1977 1350 1666 1931 1234 1283 1467 1055 1934 1689 1175 1016 1499 1033 1843 1146 1690 1480 1697 1705 1200 1926 1694 1322 1839 1767 1911 1642 1024 1818 1255 1687 1460 1300 1578 1088 1993 1446 1996 1314 1779 1848 1864 1099 1163 1755 1881 1363 1608 1498 1669 1964 1601 1348 BCNSPRNW ULIB Ver.6.0+V

เปลี่ยนเป็นภาษาไทย

Change to English
 แสดงรายละเอียดบรรณานุกรม
  กลับหน้าหลัก

Brief Record : Get Marc (ISO 2709) : E-mail record : QR code < ปิดหน้าต่าง
LEADER : 00000nam 2200000uu 4500
001    13399126205
003     ULIB
008    180725s||||||||th 000 0 tha d
020    ^a9780702062117
060    ^aWQ165^bM114M
100    ^aSue Macdonald
245    ^aMayes Midwifery/^cSue Macdonald,Gail Johnson
250    ^a15th ed
260    ^aNew York :^bElsevier,^c2017
300    ^a1204 pages
650    ^aMidwifery
700    ^aGail Johnson
945    ^p0^l0^i26422
999    ^aกัณชพร จุลอักษร
รายการนี้ยังไม่มีแท็ก
คุณยังไม่ได้ล็อกอิน คุณสามารถมีกิจกรรมร่วมกับเว็บไซต์ได้ แต่ต้องล็อกอินก่อน ::
  ล็อกอิน

รายการสื่อสารสนเทศ

ลำดับที่ ประเภท เลขเรียก/บาร์โค้ด สถานที่ สถานะ
1. วิทยาศาสตร์การแพทย์ และสุขภาพ
วิทยาศาสตร์การแพทย์ และสุขภาพ
WQ165 M114M ฉ.1 
  Barcode: 26422
ห้องสมุดวิทยาเขตนครสวรรค์
►หนังสือทั่วไป:l:General Books
ถูกยืม กำหนดส่งวันที่ 21 มิถุนายน 2566
  จอง

รายการใกล้เคียง
    ผู้แต่ง [Sue Macdonald]

    หัวเรื่อง [Midwifery]

BibComment


ยังไม่เคยถูกคอมเมนท์

คอมเมนท์ทรัพยากรรายการนี้
  คอมเมนท์: Mayes Midwifery ..


 Copyright 2026. Bcnsprnw @Library